| 000 | 01582cam a2200433 a 4500 | ||
|---|---|---|---|
| 001 | sjds329778 | ||
| 003 | sjds | ||
| 005 | 20190830182734.0 | ||
| 008 | 060831s2007 caua b 000 0 eng | ||
| 010 | _a 2006029244 | ||
| 020 | _a9780811857673 (lib. bdg.) | ||
| 020 | _a0811857670 (lib. bdg.) | ||
| 020 | _a9780811858083 (pbk.) | ||
| 020 | _a0811858081 (pbk.) | ||
| 035 | _a(OCoLC)71266483 | ||
| 040 |
_aDLC _cDLC _dBAKER _dBTCTA _dLNQ _dUtOrBLW |
||
| 041 | 1 |
_aspa _heng |
|
| 049 | _aIFAA | ||
| 099 | _aCHILDREN ESPANOL 551.55 SIMON | ||
| 100 | 1 | _aSimon, Seymour. | |
| 240 | 1 | 0 |
_aSuper storms. _lSpanish |
| 245 | 1 | 0 |
_aTormentas increíbles / _cSeymour Simon ; [Spanish translation by María Fernanda Pulido Duarte]. |
| 260 |
_aSan Francisco : _bChronicle Books, _c2007. |
||
| 264 | 1 |
_aSan Francisco : _bChronicle Books, _c2007. |
|
| 300 |
_a1 volume (unpaged) : _bcolor illustrations ; _c24 cm. |
||
| 336 |
_atext _btxt _2rdacontent |
||
| 337 |
_aunmediated _bn _2rdamedia |
||
| 338 |
_avolume _bnc _2rdacarrier |
||
| 490 | 1 |
_aSeeMore readers. _aNivel 2 |
|
| 520 | _aSimple text with some complex words teaches children about storms and other natural disasters. | ||
| 526 | 0 |
_aAccelerated Reader _bLG _c4.5 _d0.5 _z58782SP |
|
| 650 | 0 |
_aStorms _vJuvenile literature. |
|
| 650 | 0 |
_aNatural disasters _vJuvenile literature. |
|
| 650 | 7 |
_aTempestades _vLiteratura juvenil. _2bidex |
|
| 650 | 7 |
_aDesastres naturales _vLiteratura juvenil. _2bidex |
|
| 700 | 1 | _aFernanda Pulido Duarte, María. | |
| 800 | 1 |
_aSimon, Seymour. _tSeeMore readers (Spanish) |
|
| 942 |
_cBK _2ddc |
||
| 999 |
_c23282 _d23282 |
||